| Tag |
First Indicator |
Second Indicator |
Subfields |
| LEADER |
00000cam a2200000Ki 4500 |
| 001 |
in00004356421 |
| 005 |
20210308111832.0 |
| 006 |
m o d |
| 007 |
cr cnu---unuuu |
| 008 |
191123s2020 enk ob 001 0 eng d |
| 019 |
|
|
|a 1128797037
|a 1128826198
|
| 020 |
|
|
|a 1788015967
|q (electronic book)
|
| 020 |
|
|
|a 1788019172
|q (electronic book)
|
| 020 |
|
|
|a 9781788015967
|q (electronic book)
|
| 020 |
|
|
|a 9781788019170
|q (electronic book)
|
| 020 |
|
|
|z 1788015002
|
| 020 |
|
|
|z 9781788015004
|
| 035 |
|
|
|a (OCoLC)1128721310
|z (OCoLC)1128797037
|z (OCoLC)1128826198
|
| 035 |
|
|
|a (OCoLC)on1128721310
|
| 035 |
|
|
|a 6432948
|
| 040 |
|
|
|a EBLCP
|b eng
|e rda
|e pn
|c EBLCP
|d YDX
|d N$T
|d UIU
|d N$T
|d UKRSC
|d OCLCF
|d YDXIT
|d OCLCQ
|
| 049 |
|
|
|a TXAM
|
| 050 |
|
4 |
|a QD381
|b .C83 2020
|
| 082 |
0 |
4 |
|a 547/.7
|2 23
|
| 245 |
0 |
0 |
|a Cucurbiturils and related macrocycles /
|c edited by Kimoon Kim.
|
| 264 |
|
1 |
|a London :
|b Royal Society of Chemistry,
|c [2020]
|
| 300 |
|
|
|a 1 online resource
|
| 336 |
|
|
|a text
|b txt
|2 rdacontent
|
| 337 |
|
|
|a computer
|b c
|2 rdamedia
|
| 338 |
|
|
|a online resource
|b cr
|2 rdacarrier
|
| 490 |
1 |
|
|a Monographs in Supramolecular chemistry ;
|v no. 28
|
| 504 |
|
|
|a Includes bibliographical references and index.
|
| 505 |
0 |
|
|a Intro; Title; Copyright; Preface; Contents; Chapter 1 Introduction: History and Development; 1.1 Introduction; 1.2 History of Cucurbiturils; 1.3 Growth and Development; 1.4 Perspectives; 1.5 Overview of Contents; References; Chapter 2 Synthesis of the Cucurbituril Family; 2.1 Synthesis of the CB[n] Family; 2.2 Mechanism of CB[n] Formation; 2.3 Structural Features of CB[n]; 2.4 Functionalization of CB[n]; 2.4.1 Building Block Approaches; 2.4.2 Direct Functionalization of CB[n]; 2.5 Summary and Future Challenges in the Synthesis of CB[n]
|
| 505 |
8 |
|
|a 2.6 Selected Procedures for the Synthesis of CB[n] and Derivatives2.6.1 Synthesis of Monohydroxy-CB[6]; 2.6.2 Synthesis of Perhydroxy-CB[6]; 2.6.3 Synthesis of Monohydroxy-CB[7]; Acknowledgements; References; Chapter 3 Host-Guest Chemistry of the Cucurbituril Family; 3.1 Introduction; 3.2 Host-Guest Chemistry of Cucurbit[5]uril; 3.3 Host-Guest Chemistry of Cucurbit[6]uril; 3.4 Host-Guest Chemistry of Cucurbit[7]uril; 3.5 Host-Guest Chemistry of Cucurbit[8]uril; 3.6 Host-Guest Chemistry of Cucurbit[10]uril; 3.7 Host-Guest Chemistry of the Twisted Cucurbit[13-15]urils
|
| 505 |
8 |
|
|a 3.8 Summary and PerspectivesReferences; Chapter 4 Cucurbituril Properties and the Thermodynamic Basis of Host-Guest Binding; 4.1 Introduction; 4.2 Structural and Physical Properties; 4.2.1 The Cucurbituril Cavity; 4.2.2 Solubility of the Cucurbituril Homologues; 4.2.3 Polarity and Polarizability Inside Cucurbiturils; 4.3 Host-Guest Chemistry; 4.3.1 The Hydrophobic Effect; 4.3.2 Binding of Charged Guest Molecules; 4.3.3 Binding of Neutral Guest Molecules; 4.3.4 Binding of Inorganic Ions; 4.4 Complexation Thermodynamics; 4.5 Complexation Kinetics; 4.6 Conclusions; Acknowledgements; References
|
| 505 |
8 |
|
|a 6.3 Assay Applications6.3.1 Cucurbituril-enhanced Direct Sensing; 6.3.2 Sensor Arrays Involving Cucurbiturils; 6.3.3 Supramolecular Tandem Assays; 6.3.4 Surface Quantification Assays; 6.4 Conclusions; Acknowledgements; References; Chapter 7 Cucurbituril Complexes of Redox Active Guests; 7.1 Introduction; 7.2 The Cucurbiturils as Hosts for Redox Active Guests; 7.3 Viologens and Their Derivatives as Cucurbituril Guests; 7.4 Ferrocene, Cobaltocenium and Their Derivatives as Cucurbituril Guests; 7.5 Electrochemical Kinetics of the Complexes; 7.6 Metallocene-TEMPO Compounds as Cucurbituril Guests
|
| 505 |
8 |
|
|a 7.7 Redox Control on Cucurbituril Binding
|
| 505 |
8 |
|
|a Chapter 5 Cucurbiturils as Reaction Vessels5.1 Introduction; 5.2 Reactions Taking Place Inside the CB[n] Cavity; 5.2.1 Redox Transformations; 5.2.2 Isomerizations; 5.2.3 Cycloadditions; 5.3 Reactions Taking Place at the CB[n] Rim; 5.3.1 Redox Transformations; 5.3.2 Isomerizations; 5.3.3 Nucleophilic Additions; 5.4 Conclusions and Outlook; Acknowledgements; References; Chapter 6 Cucurbituril-based Sensors and Assays; 6.1 Introduction; 6.2 Signal Generation with Cucurbiturils; 6.2.1 Optical Spectroscopy; 6.2.2 Nuclear Magnetic Resonance (NMR); 6.2.3 Other Signal Transduction Methods
|
| 520 |
|
|
|a This book provides a complete overview of cucurbituril chemistry, covering fundamental aspects including history, synthesis and host-guest chemistry.
|
| 588 |
0 |
|
|a Online resource; title from digital title page (viewed on January 22, 2020).
|
| 650 |
|
0 |
|a Macromolecules.
|
| 650 |
|
0 |
|a Supramolecular chemistry.
|
| 650 |
|
7 |
|a Macromolecules.
|2 fast
|0 (OCoLC)fst01005248
|
| 650 |
|
7 |
|a Supramolecular chemistry.
|2 fast
|0 (OCoLC)fst01139159
|
| 655 |
|
7 |
|a Electronic books.
|2 local
|
| 700 |
1 |
|
|a Kim, Kimoon,
|e editor.
|
| 776 |
0 |
8 |
|i Print version:
|a Kim, Kimoon.
|t Cucurbiturils and Related Macrocycles.
|d Cambridge : Royal Society of Chemistry, ©2019
|z 9781788015004
|
| 830 |
|
0 |
|a Monographs in supramolecular chemistry ;
|v no. 28.
|
| 856 |
4 |
0 |
|u http://proxy.library.tamu.edu/login?url=https://dx.doi.org/10.1039/9781788015967
|z Connect to the full text of this electronic book
|t 0
|
| 955 |
|
|
|a RSC eBooks
|
| 994 |
|
|
|a 92
|b TXA
|
| 999 |
f |
f |
|s c33ddcfe-540d-3c87-b919-83e1f0422e50
|i 54fc71e5-b37b-39ff-a9b8-a76799a74c43
|t 0
|
| 952 |
f |
f |
|a Texas A&M University
|b College Station
|c Electronic Resources
|d Available Online
|t 0
|e QD381 .C83 2020
|h Library of Congress classification
|
| 998 |
f |
f |
|a QD381 .C83 2020
|t 0
|l Available Online
|